| 000 | 01754nam a22003614a 4500 | ||
|---|---|---|---|
| 001 | ebr10116438 | ||
| 003 | CaPaEBR | ||
| 006 | m u | ||
| 007 | cr cn||||||||| | ||
| 008 | 040301s2004 ne a sb 001 0 eng | ||
| 010 | _z 2004103094 | ||
| 020 | _z1586034170 | ||
| 040 |
_aCaPaEBR _cCaPaEBR |
||
| 035 | _a(OCoLC)59281655 | ||
| 050 | 1 | 4 |
_aRC88.9.T47 _bN28 2004eb |
| 082 | 0 | 4 |
_a363.34/97 _222 |
| 111 | 2 |
_aNATO Advanced Research Workshop on Preparedness Against Bioterrorism and Re-emerging Infectious Diseases _d(2003 : _cWarsaw, Poland) |
|
| 245 | 1 | 0 |
_aPreparedness against bioterrorism and re-emerging infectious diseases _h[electronic resource] / _cedited by Janusz Kocik, Marek K. Janiak and Marian Negut. |
| 260 |
_aAmsterdam : _bBurke, VA : _bIOS Press, _c2004. |
||
| 300 |
_axvii, 255 p. : _bill. |
||
| 490 | 1 |
_aNATO science series. Series I, Life and behavioural sciences, _x1566-7693 ; _vv. 357 |
|
| 500 | _aProceedings of the NATO Advanced Research Workshop on Preparedness Against Bioterrorism and Re-emerging Infectious Diseases, 15-18 January 2003, Warsaw, Poland -- T.p. verso. | ||
| 504 | _aIncludes bibliographical references and index. | ||
| 533 |
_aElectronic reproduction. _bPalo Alto, Calif. : _cebrary, _d2013. _nAvailable via World Wide Web. _nAccess may be limited to ebrary affiliated libraries. |
||
| 650 | 0 | _aBioterrorism. | |
| 655 | 7 |
_aElectronic books. _2local |
|
| 700 | 1 | _aKocik, Janusz. | |
| 700 | 1 | _aJaniak, Marek. | |
| 700 | 1 | _aNegut, Marian. | |
| 710 | 2 | _aebrary, Inc. | |
| 830 | 0 |
_aNATO science series. _nSeries I, _pLife and behavioural sciences ; _vv. 357. |
|
| 856 | 4 | 0 |
_uhttp://site.ebrary.com/lib/rucke/Doc?id=10116438 _zAn electronic book accessible through the World Wide Web; click to view |
| 999 |
_c208707 _d208707 |
||